• 首页
  • 本馆介绍
  • 公告通知
  • 最新文献
  • 馆藏检索
  • 电子资源
  • 读者荐购
  • 参考咨询
  • CALIS
  • 我的图书馆
  • 登录
  • 详细信息显示
  • 放入我的书架
  • 预约/预借图书
  • 作者相关作品
  • 分类相关作品
  • 丛书相关作品
  • 出版社相关作品

书目信息

  • 表格格式
  • 工作单格式
  • 卡片格式
题名:
建筑施工组织设计与管理
    
 
作者: 赵正印 主编
分册:  
出版信息: 郑州   黄河水利出版社  2003.06
页数: 266页
开本: 28cm
丛书名:
单 册:
中图分类: TU7
科图分类:
主题词: 建筑工程--工程施工
电子资源:
ISBN: 978-7-80621-682-8
 
 
 
 
 
000 00621nam0 2200193 450
001 1248441956
005 20120407134437.26
010    @a978-7-80621-682-8@dCNY28.00
100    @a20120407d2003 km y0chiy0120 ea
101 0  @achi
102    @aCN@b410000
200 1  @a建筑施工组织设计与管理@Ajian zhu shi gong zu zhi she ji yu guan li@f赵正印等主编@Fzhao zheng yin deng zhu bian
210    @a郑州@c黄河水利出版社@d2003.06
215    @a266页@d28cm
606 0  @a建筑工程@x工程施工
690    @aTU7@v4
701  0 @a赵正印@Azhao zheng yin@4主编
801  0 @aCN@b大连网信软件有限公司图书馆·11@c20120407
905    @aZUCC@dTU7@eZ3481
    
    建筑施工组织设计与管理/赵正印等主编.-郑州:黄河水利出版社,2003.06
    266页;28cm
    
    
    ISBN 978-7-80621-682-8:CNY28.00
    
●
相关链接 在E读中查询图书 在当当中查询图书 在豆瓣中查询图书


正题名:建筑施工组织设计与管理     索取号:TU7/Z3481         预约/预借

序号 登录号 条形码 馆藏地/架位号 状态 备注
1 485225   204852258   土木与交通工程学院资料室/ [索取号:TU7/Z3481] 在馆    
河南城建学院图书馆 欢迎您!
大连网信软件有限公司© 版权所有